Hội thảo lý luận giữa Đảng Cộng sản Việt Nam và Đảng Cộng sản Trung Quốc : Xây dựng Đảng cầm quyền - Kinh nghiệm của Việt Nam, kinh nghiệm của Trung Quốc
Gồm các tham luận của các nhà khoa học nghiên cứu lý luận và thực tiễn về xây dựng Đảng cầm quyền, kinh nghiệm của Việt Nam và Trung Quốc
שמור ב:
| פורמט: | ספר |
|---|---|
| שפה: | Undetermined |
| יצא לאור: |
Hà Nội
Chính trị Quốc gia
2004
|
| נושאים: | |
| תגים: |
הוספת תג
אין תגיות, היה/י הראשונ/ה לתייג את הרשומה!
|
| Thư viện lưu trữ: | Trung tâm Học liệu Trường Đại học Cần Thơ |
|---|
| LEADER | 01096nam a2200205Ia 4500 | ||
|---|---|---|---|
| 001 | CTU_87079 | ||
| 008 | 210402s9999 xx 000 0 und d | ||
| 020 | |c 39000 | ||
| 082 | |a 324.2597075 | ||
| 082 | |b H452 | ||
| 245 | 0 | |a Hội thảo lý luận giữa Đảng Cộng sản Việt Nam và Đảng Cộng sản Trung Quốc : | |
| 245 | 0 | |b Xây dựng Đảng cầm quyền - Kinh nghiệm của Việt Nam, kinh nghiệm của Trung Quốc | |
| 260 | |a Hà Nội | ||
| 260 | |b Chính trị Quốc gia | ||
| 260 | |c 2004 | ||
| 520 | |a Gồm các tham luận của các nhà khoa học nghiên cứu lý luận và thực tiễn về xây dựng Đảng cầm quyền, kinh nghiệm của Việt Nam và Trung Quốc | ||
| 650 | |a Communist parties,Communist parties,Political parties,Political parties,Political parties,Political parties,Đảng cộng sản,Đảng cộng sản | ||
| 650 | |z Viet nam,China,Việt Nam,Việt Nam | ||
| 904 | |i Trúc | ||
| 980 | |a Trung tâm Học liệu Trường Đại học Cần Thơ | ||